| 000 | 00651nam a2200205 i 4500 | ||
|---|---|---|---|
| 001 | 146843 | ||
| 003 | ES-MaACL | ||
| 005 | 20250903021320.0 | ||
| 007 | t| | ||
| 008 | 070918s1967 sp ||||1| spa d | ||
| 080 | _a512.643 | ||
| 100 | 1 |
_aTropper, A. Mary. _9111511 |
|
| 245 | 1 | 0 |
_aTeoría de matrices aplicada a la electricidad y la electrónica / _cA. Mary Tropper ; traducción de Félix Vidondo. |
| 260 |
_aMadrid : _bParaninfo, _c1967. |
||
| 300 |
_a118 p. ; _c22 cm. |
||
| 650 | 1 | 7 |
_aMatrices (Matemáticas) _2embne _914854 |
| 700 | 1 |
_aVidondo Morrás, Félix. _9114553 |
|
| 852 |
_aES-MaACL _jC-32412 _bR.63209 |
||
| 999 |
_c146843 _d146843 |
||